01446nam a2200421 i 450000100060000000300090000600500170001500800390003201500170007104000410008804600090012908000150013808000110015308000100016410000410017424500760021526000550029130000520034633600270039833700540042533800280047938000170050738800140052450400480053865000150058665800280060165000140062965000110064365000080065471000410066285600980070394200120080199900170081395200480083095200480087895200490092695200490097512600KOSZ 00520210428091159.0070712s1970 pl a f 001 0 pol aPB 1970/7140 aWA NcWA NdKOSZ 005/RWdKOSZ 005/HR k1970 a 628.517.2 a534.83 a613.61 aPuzyna, Czesławd(1920-2003)eAutor10aZwalczanie hałasu w przemyśle :bzasady ogólne /cCzesław Puzyna. aWarszawa :bWydawnictwa Naukowo-Techniczne,c1970. a303, [1] strony :bilustracje, errata ;c25 cm. aTekstbtxt2rdacontent aBez urządzenia pośredniczącegobn2rdamedia aWoluminbnc2rdacarrier aKsiążki. a1901-2000 aBibliografia na stronach 292-[298]. Indeks. 4aZwalczanie aInżynieria i technika 4aPrzemysł 4aHałas 4aBHP2 aWydawnictwa Naukowo-Techniczne4pbl. uhttp://koha.tu.koszalin.pl/cgi-bin/koha/opac-detail.pl?biblionumber=12600yKatalog online BPK 2UKDcKS c12600d12600 00104070aBPKbBPKcwo7332p01310900yKS 00104070aBPKbBPKcwo7333p01786927yKS 00104070aBPKbBPKcwo11398p01226140yKS 00104070aBPKbBPKcwo13949p01720310yKS